| 000 | 01138nam0a22002891 4500 | ||
|---|---|---|---|
| 001 | rc\3025260 | ||
| 005 | 20250806201506.0 | ||
| 035 | _a(NLR Aleph) 007166718 | ||
| 090 |
_a12359 _c12359 |
||
| 100 | _a20110929d1941 u y0rusy50 ca | ||
| 101 | 0 | _arus | |
| 102 | _aRU | ||
| 105 | _ay z ||||| | ||
| 200 | 1 |
_a[Основные указания по организации общественного шелководства в колхозах] _eДополнения ... _fНаркомзем УзССР, Упр. шелководства |
|
| 210 |
_aТашкент _cУзгиз _d1941 |
||
| 215 |
_a12 с. _d22 см |
||
| 300 | _aНа тит. л. загл.: Дополнение к основным указаниям ... | ||
| 300 | _aБез обл. | ||
| 517 | 0 | 0 | _aДополнения к основным указаниям ... |
| 712 | 0 | 1 |
_aУзССР _bУправление шелководства _4570 |
| 801 | 0 |
_aRU _bNLR _gpsbo |
|
| 801 | 1 |
_aRU _bELAR _2rusmarc |
|
| 852 |
_aNLR _jЭк50 Г-6/25 |
||
| 942 | _cBOOK | ||
| 945 | _aРоссийская национальная библиотека | ||
| 980 | _aNB | ||
| 980 | _aBV | ||